BIBLIOTECA PODER JUDICIAL
Portal Judicial TDF

¿Antagonismo procesal o resistencia judicial? : (Registro nro. 5850)

000 -LEADER
fixed length control field 01378nab a22002297a 4500
003 - CONTROL NUMBER IDENTIFIER
control field OSt
005 - DATE AND TIME OF LATEST TRANSACTION
control field 20260108215302.0
008 - FIXED-LENGTH DATA ELEMENTS--GENERAL INFORMATION
fixed length control field 190514b xxu||||| |||| 00| 0 spa d
040 ## - CATALOGING SOURCE
Transcribing agency PJ
100 ## - MAIN ENTRY--PERSONAL NAME
9 (RLIN) 5951
Personal name Beguiristain, Camila
245 10 - TITLE STATEMENT
Title ¿Antagonismo procesal o resistencia judicial? :
Remainder of title hacia una garantía efectiva de la defensa técnica de las niñeces y adolescencias /
Statement of responsibility, etc Camila Beguiristain, Sabrina Anabel Silva.
300 ## - PHYSICAL DESCRIPTION
Extent p. 57-74
505 ## - FORMATTED CONTENTS NOTE
Formatted contents note Sumario: I. Introducción.— II. El derecho de acceso a la justicia y a los recursos efectivos como derecho implícito de la CDN.— III. La justicia adaptada como componente fundamental de la protección especial.— IV. El ejercicio del derecho a la defensa técnica en el Cód. Civ. y Com.— V. Defensa técnica y representación legal.— VI. De (re)interpretaciones necesarias: la figura de tutxr<br/>especial.— VII. Brevísimas palabras de cierre.
505 ## - FORMATTED CONTENTS NOTE
Title Si te interesa el texto, comunicate a koha@justierradelfuego.gov.ar
650 #0 - SUBJECT ADDED ENTRY--TOPICAL TERM
9 (RLIN) 1497
Topical term or geographic name as entry element CODIGO CIVIL Y COMERCIAL
650 #0 - SUBJECT ADDED ENTRY--TOPICAL TERM
9 (RLIN) 967
Topical term or geographic name as entry element DERECHO DE FAMILIA
650 #0 - SUBJECT ADDED ENTRY--TOPICAL TERM
9 (RLIN) 2741
Topical term or geographic name as entry element DERECHOS DE LAS NIÑAS, NIÑOS Y ADOLESCENTES
650 #0 - SUBJECT ADDED ENTRY--TOPICAL TERM
9 (RLIN) 586
Topical term or geographic name as entry element DEFENSA EN JUICIO
700 ## - ADDED ENTRY--PERSONAL NAME
9 (RLIN) 6683
Personal name Silva, Sabrina Anabel
Función coautor
773 0# - HOST ITEM ENTRY
Host Biblionumber 2844
Host Itemnumber 3222
Place, publisher, and date of publication Buenos Aires : AbeledoPerrot, 1989-
Title Derecho de familia. N° 120 - Julio 2025
International Standard Book Number 18511201
942 ## - ADDED ENTRY ELEMENTS (KOHA)
Source of classification or shelving scheme
Koha item type Analítica Artículo de Revista

No hay ítems disponibles.

12 de Octubre 789 Ushuaia - Tel:  54(02901)441571
Horario de Atención: 8.00 a 17.00 hs. 
bibliotecaush@justierradelfuego.gov.ar
koha@justierradelfuego.gov.ar
Seguinos en nuestras redes @bibliojustdf 

Con tecnología Koha